Add-a-K Image Pairs Quiz Stats

 Plays Quiz Updated Apr 19, 2014

Support Sporcle.
Go Orange.
Score 0/25 Timer 03:00
1 Play Today
% Correct
star → (Tony) Stark
95.3%
pea → peak
94.8%
swan → (Hilary) Swank
94.4%
tan → tank
94.1%
bun → bunk
92.7%
sun → sunk
90.5%
Doc → dock
89.9%
Boo → book
89.8%
pin → Pink
88.1%
Roo → rook
87.7%
tea → teak
86.8%
Croc → crock
84.2%
bar → bark
83.2%
% Correct
(Spike) Lee → leek
79.8%
Han (Solo) → Hank (Hill)
76.3%
win → wink
75.3%
Roc → (The) Rock
70.1%
Dale → Dalek
67.4%
(Jeremy) Lin → Link
58.4%
flan → flank (steak)
57.1%
kir → Kirk
54.4%
caul → caulk
52.4%
Glee → Gleek
38.6%
Mac → Mack (Truck)
34.5%
Mali → (Zayn) Malik
34.1%

You're not logged in!

Compare scores with friends on all Sporcle quizzes.
OR
Log In
Forgot?

From the Vault

Black the Block: Thanksgiving

by jrage2009

Holiday 8m
Every year, we're thankful for trivia.
Remove Ads.
Support Sporcle.
Get the best of Sporcle when you Go Orange. This ad-free experience offers more features, more stats, and more fun while also helping to support Sporcle. Thank you for becoming a member.

Show Comments

Extras

Top Quizzes Today


Score Distribution

Your Account Isn't Verified!

In order to create a playlist on Sporcle, you need to verify the email address you used during registration. Go to your Sporcle Settings to finish the process.

Report this User

Report this user for behavior that violates our Community Guidelines.

Details: